| 000 | 01925cam a2200469 i 4500 | ||
|---|---|---|---|
| 001 | 4243 | ||
| 003 | FISKH | ||
| 005 | 20240708092354.0 | ||
| 008 | 140711t20152012maua j 000 1 eng d | ||
| 010 | _a 2014945702 | ||
| 020 |
_a9780763674731 _q(reinforced trade edition) |
||
| 020 |
_a0763674737 _q(reinforced trade edition) |
||
| 020 | _a9780763690984 | ||
| 020 | _a9781407124414 | ||
| 020 | _a0763690988 | ||
| 040 |
_aYDXCP _beng _cYDXCP _dBTCTA |
||
| 050 | _aPZ7.P55223 | ||
| 082 | _a823.92 | ||
| 100 | 1 | _aPichon, Liz, | |
| 245 | 1 | 0 |
_aEverything's amazing (sort of) / _cby Liz Pichon. |
| 246 | 1 | 4 | _aTom Gates, everything's amazing (sort of) |
| 260 |
_aLondon : _bScholastic, _c2012. |
||
| 300 |
_a404 pages : _billustrations ; _c20 cm. |
||
| 490 | 1 | _aTom Gates | |
| 500 | _a"Includes a special glossary by Tom!" | ||
| 505 | _aQ | ||
| 520 | _aThings are looking up for Tom Gates. The school dance is coming up, and his birthday, too! What could possibly put him in a bad mood? Well, the words math lesson, for one thing. And that annoying twit Marcus Meldrew at school. And Granny Mavis threatening to bake Tom's birthday cake (carrots!). And the fact that nobody seems to be noticing the long list of birthday presents Tom has prominently displayed. Worst of all, can it be true that Tom's dad has volunteered to deejay the school dance wearing the wacky costume from his new job? | ||
| 521 |
_a670
_bLexile |
||
| 521 |
_aQ
_bRaz-Plus |
||
| 526 | 0 |
_aAccelerated Reader _c4.1. |
|
| 650 | 0 |
_aSchools _vJuvenile fiction. |
|
| 650 | 0 |
_aBirthdays _vJuvenile fiction. |
|
| 650 | 0 |
_aDance parties _vJuvenile fiction. |
|
| 650 | 1 |
_aFamily life _vFiction. |
|
| 650 | 1 |
_aSchools _vFiction. |
|
| 650 | 1 |
_aBirthdays _vFiction. |
|
| 650 | 1 |
_aDrawing _vFiction. |
|
| 655 | 4 | _aHumorous fiction. | |
| 906 |
_a7 _bcbc _ccopycat _d2 _eepcn _f20 _gy-gencatlg |
||
| 942 |
_2ddc _cBK _n0 |
||
| 999 |
_c4243 _d4243 |
||